| 000 | 00710nam a22001817a 4500 | ||
|---|---|---|---|
| 008 | 210908b |||||||| |||| 00| 0 eng d | ||
| 020 | _a9789914404067 | ||
| 050 | _aHD 57.7 .M85 2021 | ||
| 100 | _aMulwa Francis Wambua | ||
| 245 |
_aThe audacity in growing conscientious leader: _bthe role of frontline teams as vision bearers lead from the back/ _cFrancis Wambua Mulwa |
||
| 250 | _aRevised edition | ||
| 260 |
_aSwitzerland : _bGlobethics Publishers, _c2021 |
||
| 300 |
_axx, 257p : _bill; _c21cm |
||
| 504 | _aInclude bibliographical reference. | ||
| 650 |
_a Devolving Leadership _vLeadership |
||
| 650 |
_a Devolving Leadership _vLeadership |
||
| 942 |
_2lcc _hHD 57.7 .M85 2021 _cBOOKS |
||
| 999 |
_c30980 _d30980 |
||